[Event "Leiden SB-ch 1819"]
[Site "Leiden"]
[Date "2019.03.22"]
[Round "6"]
[White "Van Vleuten, Ronald"]
[Black "Uittenbogaard, Rob"]
[Result "1/2-1/2"]
[WhiteElo "1744"]
[BlackElo "1556"]
[PlyCount "186"]
[EventDate "2018.10.19"]
[EventType "swiss"]
[EventRounds "9"]
[EventCountry "NED"]
[SourceTitle "EXT 2023"]
[Source "ChessBase"]
[SourceDate "2022.10.05"]
[SourceVersion "1"]
[SourceVersionDate "2022.10.05"]
[SourceQuality "1"]

1. Nf3 Nf6 2. b3 d5 3. Bb2 Bg4 4. e3 e6 5. Be2 Nbd7 6. Ne5 Bxe2 7. Qxe2 Nxe5 8. Bxe5 Bd6 9. f4 Qe7 10. Bxd6 Qxd6 11. Qb5+ Qc6 12. Nc3 0-0 13. Qxc6 bxc6 14. Na4 Nd7 15. d4 Nf6 16. Nc5 a5 17. a4 Rfd8 18. Ke2 Nd7 19. Nxd7 Rxd7 20. Rhd1 Kf8 21. g4 f6 22. Rd3 Re7 23. Rc3 Ra6 24. Rf1 Ke8 25. Kd2 Kd7 26. g5 f5 27. Rf3 g6 28. Rh3 Ra8 29. Rc5 Ra6 30. Rh6 Ra8 31. h4 Rg7 32. Ke2 Ra6 33. Rc3 Kd6 34. h5 Ra8 35. Rd3 Rb8 36. Rd1 c5 37. dxc5+ Kxc5 38. Rh1 Re8 39. hxg6 hxg6 40. Rh7 Reg8 41. Kd3 c6 42. Rxg7 Rxg7 43. Rh8 Kd6 44. Rd8+ Kc5 45. Ra8 Kd6 46. Rxa5 e5 47. fxe5+ Kxe5 48. c4 Rd7 49. b4 Ke6 50. Kc3 dxc4 51. Kxc4 Kd6 52. Ra8 Re7 53. Rd8+ Kc7 54. Rd3 Re4+ 55. Kb3 Rg4 56. Rc3 Kb7 57. Rc5 Rxg5 58. b5 cxb5 59. Rxb5+ Ka6 60. Re5 Rg3 61. Kc4 Rg4+ 62. Kd3 Rg3 63. Ke2 Rg4 64. Kf3 Rxa4 65. Re6+ Kb7 66. Rxg6 Kc7 67. Rf6 Kd7 68. Rxf5 Ke6 69. Rh5 Kf6 70. e4 Ra1 71. Rf5+ Ke6 72. Rh5 Rf1+ 73. Ke2 Ra1 74. Kd3 Rd1+ 75. Kc4 Rc1+ 76. Kd4 Rd1+ 77. Kc3 Rc1+ 78. Kd2 Rh1 79. Ra5 Rg1 80. Ke3 Rf1 81. Ke2 Rh1 82. Ra8 Ke5 83. Re8+ Kd4 84. Kf3 Rh3+ 85. Kf4 Rh4+ 86. Kf5 Rh5+ 87. Kf6 Rh6+ 88. Kg5 Rh1 89. e5 Rg1+ 90. Kf6 Rf1+ 91. Ke6 Ke4 92. Rd8 Rh1 93. Rf8 Rh5 1/2-1/2

[Event "Leiden SB-ch 1819"]
[Site "Leiden"]
[Date "2019.02.15"]
[Round "5"]
[White "Schenkelaars, Robin"]
[Black "Van Vleuten, Ronald"]
[Result "1-0"]
[WhiteElo "1559"]
[BlackElo "1744"]
[PlyCount "115"]
[EventDate "2018.10.19"]
[EventType "swiss"]
[EventRounds "9"]
[EventCountry "NED"]
[SourceTitle "EXT 2023"]
[Source "ChessBase"]
[SourceDate "2022.10.05"]
[SourceVersion "1"]
[SourceVersionDate "2022.10.05"]
[SourceQuality "1"]

1. e4 d5 2. exd5 Qxd5 3. Nf3 Nf6 4. d3 Bg4 5. Be2 e6 6. 0-0 Be7 7. Nc3 Qd6 8. h3 Bh5 9. Be3 a6 10. a3 0-0 11. Ne4 Nxe4 12. dxe4 Nc6 13. Qxd6 Bxd6 14. Rad1 Bg6 15. Bd3 h6 16. Rd2 e5 17. Rfd1 Nd8 18. Nh4 Bh7 19. Nf5 Bxf5 20. exf5 Nc6 21. Be4 Be7 22. Bxc6 bxc6 23. c4 Rfd8 24. Rxd8+ Bxd8 25. b4 Kf8 26. f4 exf4 27. Bxf4 Ke8 28. g4 f6 29. Kf2 a5 30. b5 a4 31. bxc6 Rb8 32. Rd7 Rb2+ 33. Kf1 Be7 34. Rxc7 Bxa3 35. Rc8+ Ke7 36. Ra8 Bd6 37. c7 Rb1+ 38. Ke2 Rb2+ 39. Kf3 Rb3+ 40. Ke4 Bxc7 41. Bxc7 Kd7 42. Bf4 a3 43. Be3 Kc6 44. h4 Rc3 45. Kd4 Rb3 46. Ra5 Kc7 47. Bf4+ Kc6 48. h5 Rf3 49. Ke4 Rc3 50. c5 Rc4+ 51. Ke3 Kb7 52. Rxa3 Rxc5 53. Ra4 Kc6 54. Ra7 Rc3+ 55. Ke4 Rc4+ 56. Kf3 Rc3+ 57. Be3 Kd5 58. Rxg7 1-0

[Event "Leiden SB-ch 1819"]
[Site "Leiden"]
[Date "2019.01.11"]
[Round "4"]
[White "Van Vleuten, Ronald"]
[Black "Sannen, Stijn"]
[Result "1-0"]
[WhiteElo "1744"]
[BlackElo "1211"]
[PlyCount "33"]
[EventDate "2018.10.19"]
[EventType "swiss"]
[EventRounds "9"]
[EventCountry "NED"]
[SourceTitle "EXT 2023"]
[Source "ChessBase"]
[SourceDate "2022.10.05"]
[SourceVersion "1"]
[SourceVersionDate "2022.10.05"]
[SourceQuality "1"]

1. Nf3 Nc6 2. b3 e5 3. Bb2 d6 4. e3 a6 5. c4 Nf6 6. d3 Be7 7. Nc3 0-0 8. Be2 Re8 9. 0-0 b6 10. a3 Bb7 11. Nd2 d5 12. cxd5 Nxd5 13. Qc2 a5 14. Rfc1 Ba6 15. Nxd5 Qxd5 16. Qxc6 Qxb3 17. Nxb3 1-0

[Event "Leiden SB-ch 1819"]
[Site "Leiden"]
[Date "2018.11.09"]
[Round "2"]
[White "Van Vleuten, Ronald"]
[Black "Van Ketel, Raoul"]
[Result "0-1"]
[WhiteElo "1744"]
[BlackElo "2231"]
[PlyCount "70"]
[EventDate "2018.10.19"]
[EventType "swiss"]
[EventRounds "9"]
[EventCountry "NED"]
[SourceTitle "EXT 2023"]
[Source "ChessBase"]
[SourceDate "2022.10.05"]
[SourceVersion "1"]
[SourceVersionDate "2022.10.05"]
[SourceQuality "1"]

1. Nf3 Nf6 2. b3 d5 3. Bb2 Bg4 4. e3 e6 5. Be2 Nbd7 6. 0-0 Bd6 7. d4 0-0 8. h3 Bxf3 9. Bxf3 Qe7 10. Nd2 e5 11. dxe5 Nxe5 12. Be2 Rad8 13. Nf3 Ng6 14. Bd3 a6 15. Qe2 Rfe8 16. Rfe1 c5 17. c4 Bc7 18. Qc2 dxc4 19. Bxg6 hxg6 20. Bxf6 gxf6 21. bxc4 Rd7 22. Red1 Red8 23. Kf1 b5 24. cxb5 axb5 25. Rxd7 Qxd7 26. Ke2 Qc6 27. g3 Kg7 28. Rb1 Qa6 29. Rc1 Bb6 30. Nd2 Rd5 31. Nb3 Qc8 32. Nd2 Qxh3 33. Rb1 Qg4+ 34. Ke1 Ba5 35. Rd1 Rh5 0-1

[Event "Leiden op-B 12th"]
[Site "Leiden"]
[Date "2018.07.13"]
[Round "1"]
[White "Van Vleuten, Ronald"]
[Black "Hilarius, Sander"]
[Result "1/2-1/2"]
[WhiteElo "1726"]
[BlackElo "1888"]
[PlyCount "67"]
[EventDate "2018.07.13"]
[EventType "swiss"]
[EventRounds "9"]
[EventCountry "NED"]
[SourceTitle "EXT 2019"]
[Source "ChessBase"]
[SourceDate "2018.10.10"]
[SourceVersion "1"]
[SourceVersionDate "2018.10.10"]
[SourceQuality "1"]

1. Nf3 Nc6 2. b3 e5 3. c4 g6 4. Bb2 Bg7 5. e3 d6 6. d3 Nge7 7. Nc3 0-0 8. Be2 h6 9. 0-0 f5 10. Nd2 Be6 11. a3 a5 12. Nb5 Qd7 13. f4 exf4 14. Bxg7 Kxg7 15. exf4 d5 16. Nf3 d4 17. Qe1 Ng8 18. Bd1 Nf6 19. Ne5 Qe7 20. Bf3 Ra6 21. Nxc6 bxc6 22. Nxd4 c5 23. Nc6 Qd6 24. Ne5 Ng4 25. Bxg4 fxg4 26. g3 Bf5 27. Qc3 Kh7 28. Rad1 Rd8 29. Rfe1 Qd4+ 30. Qxd4 Rxd4 31. Re3 Rb6 32. Rb1 Rbd6 33. Rd1 Rb6 34. Rb1 1/2-1/2